Typ het zo snel mogelijk - Statistieken

Algemene statistieken
  • Deze quiz is 49 keer genomen
  • De gemiddelde score is 6 van 9
Antwoordstatistieken
Hint Antwoord % Correct
typ a a
100%
typ b b
100%
typ c c
100%
typ ë ë
96%
typ pi pi
89%
typ niet kaas niet kaas
79%
typ typ ö typ ö
29%
typ hier komt de lastigste hier komt de lastigste
7%
typ ¶
0%
Geen overeenkomende quizzen gevonden
Scoreverdeling
Procent van Mensen met Elke Score
Percentiel versus Aantal Correcte Antwoorden
Uw Scoregeschiedenis
U heeft deze quiz nog niet genomen